[Event "EUCup Gr1"]
[Site "Eupen"]
[Date "1994.??.??"]
[Round "?"]
[White "Godena, Michele"]
[Black "Rechlis, Gad"]
[Result "1-0"]
[WhiteElo "2485"]
[BlackElo "2510"]

1.e4 c5 2.c3 Nf6 3.e5 Nd5 4.Nf3 Nc6 5.d4 cxd4 6.cxd4 d6 7.Bc4 Nb6 8.Bb5 dxe5
9.Nxe5 Bd7 10.Nxd7 Qxd7 11.Nc3 Rd8 12.O-O Qxd4 13.Qb3 e6 14.Bg5 Rd7 15.a4 Qb4
16.Qxb4 Bxb4 17.a5 Nxa5 18.Bxd7+ Nxd7 19.Nb5 f6 20.Be3 a6 21.Ra4 Nc6 22.Rc1 axb5
23.Rxb4 Nxb4 24.Rc8+ Kf7 25.Rxh8 Nd3 26.Rxh7 N7e5 27.Rh8 Nc6 28.Rc8 Na5 29.Rc7+ Kg8
30.Bb6 Nc4 31.Rxb7 e5 32.Bd8 b4 33.Be7 Ncxb2 34.Bxb4 Nd1 35.f3 Ne3 36.Bd2 Nc4
37.Rd7 e4 38.fxe4 Nc5 39.Rd8+ Kh7 40.Be1 Nxe4 41.Rd4  1-0

[Event "Eupen op act"]
[Site "Eupen"]
[Date "1994.??.??"]
[Round "6"]
[White "Smagin, Sergey"]
[Black "Kupreichik, Viktor D"]
[Result "1-0"]
[WhiteElo "2545"]
[BlackElo "2515"]

1.e4 c5 2.c3 Nf6 3.e5 Nd5 4.d4 cxd4 5.Nf3 e6 6.cxd4 b6 7.Bc4 Bb7 8.O-O Be7
9.Bxd5 Bxd5 10.Nc3 Bc4 11.Re1 O-O 12.d5 exd5 13.Nxd5 Nc6 14.Re4 Bxd5 15.Qxd5 Nb4
16.Qb3 Na6 17.Be3 d5 18.exd6 Bxd6 19.Rd4 Qe7 20.Bg5 Qc7 21.Rad1 Nc5 22.Qc4 Ne6
23.Qxc7 Bxc7 24.Rd7 f6 25.Be3 Rfd8 26.Kf1 Kf8 27.R7d3 Ke7 28.g3 Rxd3 29.Rxd3 Bd6
30.Rc3 Kd7 31.Rc4 Rc8 32.Rh4 h6 33.Ra4 Rc7 34.Nh4 Bc5 35.Nf5 Bxe3 36.Nxe3 Nc5
37.Rd4+ Ke6 38.b4 Nd7 39.Re4+ Kf7 40.Nc4 Rc6 41.b5 Re6 42.Rd4 Ke7 43.Ne3 Re5
44.Nd5+ Kf8 45.f4 Re6 46.Ra4 Rd6 47.Nc7 Rd1+ 48.Kg2 g5 49.f5 h5 50.Ne6+ Ke7
51.Rxa7 Kd6 52.Ra8 Rd2+ 53.Kg1  1-0

[Event "FIN-chT"]
[Site "?"]
[Date "1994.??.??"]
[Round "?"]
[White "Vooremaa, Andres"]
[Black "Rytshagov, Mikhail"]
[Result "1/2-1/2"]
[WhiteElo "2320"]
[BlackElo "2480"]

1.e4 c5 2.c3 Nf6 3.e5 Nd5 4.d4 cxd4 5.Nf3 Nc6 6.Bc4 Nb6 7.Bb3 d5 8.exd6 Qxd6
9.O-O Be6 10.Bxe6 Qxe6 11.Nxd4 Nxd4 12.Qxd4 Rd8 13.Qh4 Qe2 14.Bd2 h5 15.h3 Qc4
16.Qxc4 Nxc4 17.Bc1 g6 18.b3 Nb6 19.Be3 Bg7 20.a4 Nc8 21.Rc1 a6 22.Ra2 O-O
23.Rd2 Rxd2  1/2-1/2

[Event "FIN-chT"]
[Site "?"]
[Date "1994.??.??"]
[Round "?"]
[White "Koskinen, Henri"]
[Black "Yrjola, Jouni"]
[Result "0-1"]
[WhiteElo "2275"]
[BlackElo "2440"]

1.e4 c5 2.c3 Nf6 3.e5 Nd5 4.d4 cxd4 5.Nf3 e6 6.cxd4 b6 7.Nc3 Nxc3 8.bxc3 Qc7
9.Be2 Qxc3+ 10.Bd2 Qa3 11.O-O Nc6 12.Bc1 Qa5 13.Ng5 Be7 14.Qd3 Bb7 15.Bd2 Qa3
16.Qe4 Qa4 17.Nf3 f5 18.exf6 Bxf6 19.Bd1 Qa6 20.Qg4 Qd3 21.Be3 O-O 22.Rc1 Nb4
23.Ne5 Bxe5 24.dxe5 Nd5 25.Bh6 Qg6 26.Qxg6 hxg6 27.Bd2 Nf4 28.f3 Nd3 29.Rc7 Bc6
30.f4 g5 31.f5 Nxe5 32.fxe6 Rxf1+ 33.Kxf1 dxe6 34.Bc3 Bb5+ 35.Be2 Bxe2+ 36.Kxe2 Nf7
37.Re7 Rc8 38.Kd3 Rd8+ 39.Ke2 Rc8 40.Kd3 Rd8+ 41.Ke2 a6 42.Rxe6 Rd6 43.Re7 b5
44.a3 g4 45.Ra7 Rh6 46.Ra8+ Kh7 47.Ra7 Re6+ 48.Kd2 Kg6 49.Kd3 Rc6 50.Bb2 Nd6
51.Rxg7+ Kf5 52.h4 gxh3 53.gxh3 Nc4 54.Rf7+ Kg6 55.Rg7+ Kh6 56.Rg2 Kh5 57.Kd4  0-1

[Event "FIN-chT"]
[Site "?"]
[Date "1994.??.??"]
[Round "?"]
[White "Westerinen, Heikki MJ"]
[Black "Pyhala, Antti"]
[Result "1/2-1/2"]
[WhiteElo "2355"]
[BlackElo "2350"]

1.e4 c5 2.c3 Nf6 3.e5 Nd5 4.d4 d6 5.Nf3 dxe5 6.Nxe5 e6 7.Bb5+ Nd7 8.Qf3 Qf6
9.Qg3 cxd4 10.Bg5 Qf5 11.Nxd7 Bxd7 12.Bd3 Bd6 13.Bxf5 Bxg3 14.hxg3 exf5 15.cxd4 Rc8
16.Na3 b5 17.Kd2 f6 18.Bf4 b4 19.Nc2 Bc6 20.Bd6 a5 21.Bc5 Kf7 22.f3 Rce8
23.Rae1 Rxe1 24.Rxe1 Re8 25.Rxe8 Kxe8 26.Ne3 f4 27.Nxd5 Bxd5 28.gxf4 Bxa2
29.Bb6 a4 30.Bc5 a3 31.bxa3 bxa3 32.Bxa3 f5  1/2-1/2

[Event "Finkenstein op"]
[Site "Finkenstein"]
[Date "1994.??.??"]
[Round "?"]
[White "Eichhorn, A."]
[Black "Sveshnikov, Evgeny"]
[Result "0-1"]
[WhiteElo "1900"]
[BlackElo "2585"]

1.e4 c5 2.c3 Nf6 3.e5 Nd5 4.d4 cxd4 5.Nf3 Nc6 6.cxd4 d6 7.Bc4 dxe5 8.dxe5 Nb6
9.Qxd8+ Nxd8 10.Bb5+ Bd7 11.Nc3 e6 12.O-O a6 13.Be3 Bxb5 14.Nxb5 Nd5 15.Nbd4 h6
16.Rac1 g5 17.h3 Bg7 18.Bd2 Kd7 19.Rc2 Rc8 20.Rfc1 Rxc2 21.Rxc2 Ne7 22.Bb4 Nec6
23.Nxc6 Nxc6 24.Rd2+ Kc8 25.Bd6 Rd8 26.Kf1 Bxe5 27.Bxe5 Rxd2 28.Nxd2 Nxe5
29.Ne4 Kd7 30.Ke2 b6 31.b3 f5 32.Nc3 Kd6 33.Ke3 Ng6 34.Na4 b5 35.Nb2 Nf4
36.Kf3 e5 37.g4 e4+ 38.Ke3 Ke5 39.gxf5 Nd5+ 40.Kd2 h5 41.a4 h4 42.axb5 axb5
43.Ke2 Kxf5 44.f3 Nf4+ 45.Ke3 exf3 46.Kxf3 Nxh3 47.Nd1 g4+ 48.Kg2 Nf4+ 49.Kh2 g3+  0-1

[Event "Finkenstein op"]
[Site "Finkenstein"]
[Date "1994.??.??"]
[Round "?"]
[White "Muellneritsch, Anton"]
[Black "Grom, Waldemar"]
[Result "1/2-1/2"]
[WhiteElo "2160"]
[BlackElo "2020"]

1.e4 c5 2.c3 Nf6 3.e5 Nd5 4.d4 cxd4 5.Qxd4 e6 6.Nf3 Nc6 7.Qe4 d6 8.Nbd2 f5
9.exf6 Nxf6 10.Qc2 Be7 11.Bd3 Bd7 12.O-O Rc8 13.Ng5 Ne5 14.Be2 h6 15.Nge4 O-O
16.Nxf6+ Bxf6 17.Ne4 d5 18.Nxf6+ Qxf6 19.Be3 Nc6 20.Qb3 Na5 21.Qb4 b6 22.Qd6 Rfd8
23.Bd4 Qf7 24.Qg3 Nc4 25.Rfe1 Rc6 26.Bh5 Qf8 27.Re2 Be8 28.Bg4 Bf7 29.Rae1 Re8
30.b3 Nd6 31.Qd3 Ne4 32.c4 Bg6 33.cxd5 exd5 34.Qb5 Qd6 35.f3 Nf6 36.Rxe8+ Nxe8
37.Re6 Rc1+ 38.Kf2 Qxh2 39.Qxd5 Qh4+ 40.g3 Qh2+ 41.Ke3 Re1+ 42.Kf4 Qd2+ 43.Re3+ Kh7
44.Bf5 Bxf5 45.Qxf5+ Kh8 46.Qf8+ Kh7 47.Qf5+ Kh8 48.Qd3 Qc1 49.Qc3 Qxc3 50.Rxc3 Re7
51.Be5 Kh7 52.Rc6 g6 53.Ke4 h5 54.f4 Ng7 55.Rc8 Ne8 56.Kd5 Kh6 57.a4 h4 58.gxh4 Kh5
59.Rc6 Ng7 60.Bf6 Rd7+ 61.Rd6 Ne8 62.Rxd7 Nxf6+ 63.Ke6 Nxd7 64.Kxd7 Kxh4
65.Ke6 Kg4 66.Ke5 Kf3 67.b4 Ke3 68.a5 bxa5 69.bxa5 a6 70.f5 gxf5  1/2-1/2

[Event "FRA-chT "]
[Site "FRA"]
[Date "1994.??.??"]
[Round "1"]
[White "Relange, Eloi"]
[Black "Anka, Emil"]
[Result "1/2-1/2"]
[WhiteElo "2430"]
[BlackElo "2390"]

1.e4 c5 2.c3 Nf6 3.e5 Nd5 4.Nf3 Nc6 5.d4 cxd4 6.Bc4 Nb6 7.Bb3 d6 8.exd6 Qxd6
9.O-O Be6 10.Bxe6 Qxe6 11.Nxd4 Nxd4 12.Qxd4 Rd8 13.Qb4 Qe2 14.Be3 e6 15.Qb3 Qa6
16.Bd4 Nd5 17.Nd2 Be7 18.Nf3  1/2-1/2

[Event "FRA-chT "]
[Site "FRA"]
[Date "1994.??.??"]
[Round "8"]
[White "Kuntz, Pierre"]
[Black "Laclau, Daniel"]
[Result "1-0"]
[WhiteElo "2210"]
[BlackElo "2245"]

1.e4 c5 2.c3 Nf6 3.e5 Nd5 4.d4 cxd4 5.Nf3 e6 6.cxd4 b6 7.Nc3 Nxc3 8.bxc3 Qc7
9.Bd2 d5 10.Rc1 Bd7 11.Qb3 Nc6 12.c4 dxc4 13.Bxc4 Be7 14.d5 Na5 15.Bxa5 exd5
16.e6 fxe6 17.O-O Qc5 18.Bd2 dxc4 19.Rxc4 Qd5 20.Qc2 Bf6 21.Rc7 O-O 22.Rd1 Rac8
23.Rc1 Rxc7 24.Qxc7  1-0

[Event "France op"]
[Site "France"]
[Date "1994.??.??"]
[Round "4"]
[White "Gillet, R."]
[Black "Gomez, A."]
[Result "0-1"]
[WhiteElo "2140"]
[BlackElo "1720"]

1.e4 c5 2.c3 Nf6 3.e5 Nd5 4.d4 cxd4 5.cxd4 Nc6 6.Nc3 Nxc3 7.bxc3 d6 8.f4 dxe5
9.fxe5 Bf5 10.Nf3 e6 11.Bd3 Bxd3 12.Qxd3 Be7 13.O-O O-O 14.Qe4 Qd5 15.Qg4 f5
16.Qh5 Rac8 17.Bg5 Bxg5 18.Nxg5 h6 19.Nh3 Ne7 20.Nf4 Qd7 21.Rad1 Rxc3 22.Ne2 Ra3
23.Rf3 Rxf3 24.gxf3 Rc8 25.Kh1 Qe8 26.Qh3 Nd5 27.Rg1 Kh7 28.Qg3 Qf7 29.Nf4 Nxf4
30.Qxf4 Rc4 31.Qd2 Qd7 32.Rd1 Qd5 33.Qd3 b5 34.a3 a5 35.Kg2 b4 36.axb4 axb4
37.Kg3 Rc3 38.Qe2 b3 39.Rd2 g5 40.h3 h5 41.Kf2 g4  0-1

[Event "Peer Gynt"]
[Site "Gausdal"]
[Date "1994.??.??"]
[Round "1"]
[White "Pedersen, Nicolai Vesterbaek"]
[Black "Horvath, Csaba"]
[Result "1-0"]
[WhiteElo "2295"]
[BlackElo "2540"]

1.e4 c5 2.c3 Nf6 3.e5 Nd5 4.d4 cxd4 5.Nf3 e6 6.cxd4 b6 7.Bd3 Ba6 8.O-O Be7
9.a3 Bxd3 10.Qxd3 d6 11.Nc3 Nxc3 12.bxc3 d5 13.Nd2 Nc6 14.Nb3 Rc8 15.f4 g6
16.g4 h5 17.f5 hxg4 18.fxe6 fxe6 19.Qxg6+ Kd7 20.Rf7 Rh3 21.c4 Rxb3 22.cxd5 Nxd4
23.Bg5 Kc7 24.Rxe7+ Kb8 25.Rb7+ Kxb7 26.Bxd8 Rxd8 27.d6 Ka6 28.Qxg4 Nf3+
29.Kf2 b5 30.a4 Nxe5 31.axb5+ Kxb5 32.Qa4+ Kc5 33.Rc1+ Kxd6 34.Qxb3 Ke7 35.Qb7+ Kf6
36.Rf1  1-0

[Event "Peer Gynt"]
[Site "Gausdal"]
[Date "1994.??.??"]
[Round "1"]
[White "Kristjansson, Bragi"]
[Black "Kotronias, Vasilios"]
[Result "0-1"]
[WhiteElo "2310"]
[BlackElo "2545"]

1.e4 c5 2.c3 Nf6 3.e5 Nd5 4.d4 cxd4 5.Qxd4 e6 6.Nf3 Nc6 7.Qe4 f5 8.Qe2 d6
9.g3 Qc7 10.exd6 Bxd6 11.Bg2 O-O 12.O-O Nf6 13.Nbd2 e5 14.Nc4 e4 15.Nfd2 Be7
16.Nb3 Be6 17.Bf4 Qd7 18.Rad1 Nd5 19.Bc1 Qe8 20.Nd4 Nxd4 21.cxd4 Qb5 22.Rfe1 Nf4
23.Bxf4 Bxc4 24.Qe3 Bb4 25.b3 Bd3 26.Be5 Rae8 27.Rf1 Bxf1 28.Bxf1 Qd7 29.Qf4 Rd8
30.Bc4+ Kh8 31.g4 Bd6 32.Re1 Bxe5 33.dxe5 b5 34.Bf1 Rde8 35.Rc1 Qd5 36.gxf5 Rxe5
37.f6 gxf6  0-1

[Event "Gausdal Int"]
[Site "Gausdal"]
[Date "1994.??.??"]
[Round "4"]
[White "Luther, Thomas"]
[Black "Sadler, Matthew"]
[Result "1/2-1/2"]
[WhiteElo "2510"]
[BlackElo "2560"]

1.e4 c5 2.c3 Nf6 3.e5 Nd5 4.d4 cxd4 5.Nf3 Nc6 6.Bc4 Nb6 7.Bb3 d5 8.exd6 Qxd6
9.O-O Be6 10.Na3 dxc3 11.Qe2 Bxb3 12.Nb5 Qb8 13.axb3 e5 14.Nfd4 Nxd4 15.Nxd4 f6
16.bxc3 Kf7 17.Nb5 a6 18.Be3 axb5 19.Bxb6 Rxa1 20.Rxa1 Qe8 21.Ra5 b4 22.cxb4 Qe6
23.Qc4 Qxc4 24.bxc4 Bxb4 25.Ra7 Rc8 26.Rxb7+ Ke6 27.Rxg7 Bf8 28.Rc7 Rb8 29.Rc6+ Kd7
30.Rc7+ Ke6 31.Rc6+ Kd7  1/2-1/2

[Event "Peer Gynt"]
[Site "Gausdal"]
[Date "1994.??.??"]
[Round "5"]
[White "Schmittdiel, Eckhard"]
[Black "Kotronias, Vasilios"]
[Result "1/2-1/2"]
[WhiteElo "2495"]
[BlackElo "2545"]

1.e4 c5 2.c3 Nf6 3.e5 Nd5 4.d4 cxd4 5.Nf3 Nc6 6.Bc4 Nb6 7.Bb3 d5 8.exd6 Qxd6
9.O-O Be6 10.Na3 Bxb3 11.Qxb3 e6 12.Nb5 Qd7 13.Nbxd4 Bc5 14.Be3 Bxd4 15.Rfd1 O-O
16.Bxd4 Nxd4 17.Rxd4 Qc7 18.Qc2 h6 19.Rad1 Rad8 20.Qd3 Rd5 21.Rxd5 Nxd5 22.g3  1/2-1/2

[Event "Peer Gynt"]
[Site "Gausdal"]
[Date "1994.??.??"]
[Round "7"]
[White "Schmittdiel, Eckhard"]
[Black "Ernst, Thomas"]
[Result "1/2-1/2"]
[WhiteElo "2495"]
[BlackElo "2485"]

1.e4 c5 2.c3 Nf6 3.e5 Nd5 4.g3 d6 5.exd6 e6 6.Bg2 Bxd6 7.Nf3 Nc6 8.O-O O-O
9.Na3 Be7 10.Nc4 Qc7 11.Qe2 b6 12.d3 Bb7 13.a4 Rad8 14.Bd2 Bf6 15.Bg5  1/2-1/2

[Event "Geneve op"]
[Site "Geneve"]
[Date "1994.??.??"]
[Round "2"]
[White "Bechtel, Pierre"]
[Black "Olivier, Jean Christophe"]
[Result "0-1"]
[WhiteElo "2065"]
[BlackElo "2230"]

1.e4 c5 2.c3 Nf6 3.e5 Nd5 4.d4 cxd4 5.Bc4 Nb6 6.Bb3 Nc6 7.Nf3 d6 8.exd6 Qxd6
9.cxd4 Be6 10.O-O Bxb3 11.Qxb3 e6 12.Nc3 Be7 13.Rd1 Qb4 14.Qc2 Rd8 15.a3 Qa5
16.Be3 O-O 17.Qe4 Nd5 18.Rac1 Nxc3 19.Rxc3 Rd5 20.Qc2 Rfd8 21.Rcd3 Bf6 22.Qc4 Qb5
23.Qxb5 Rxb5 24.R3d2 Kf8 25.Kf1 a6 26.Ke2 Rbd5 27.h4 R8d7 28.Rd3 h5 29.g3 Ke8
30.R1d2 g6 31.a4 Ra5 32.b3 Rad5 33.Rd1 Bg7 34.R1d2 Kd8 35.Bg5+ Kc8 36.Ke3 b5
37.Bf4 Kb7 38.Ne5 Bxe5 39.dxe5 Nxe5 40.Rxd5 Ng4+ 41.Ke2 exd5 42.f3 Nf6 43.axb5 axb5
44.Kd3 Ne8 45.Be5 Nc7 46.g4 Ne6 47.b4 Rd8 48.gxh5 gxh5 49.f4 Rg8 50.f5 Nd8
51.Kd4 Nc6+ 52.Kxd5 Rg4 53.Bc3 Rxh4 54.Rg2 Rc4 55.Be1 Rd4+ 56.Kc5 Re4 57.Bg3 Rg4
58.Rd2 Rxg3 59.Rd7+ Kc8 60.Rxf7 Ne5 61.Rh7 Rg5 62.Kxb5 Rxf5 63.Kc5 Nd3+ 64.Kc4 Nf2
65.b5 Ne4 66.Rh8+ Kc7 67.Rh7+ Kb6 68.Rh6+ Nf6 69.Rg6 Rf4+ 70.Kd3 Kxb5 71.Rg5+ Kc6
72.Ke3 Rf1 73.Ke2 Rf2+ 74.Ke3 Rf1 75.Ke2 Rf4 76.Ke3 Re4+ 77.Kf3 Re6 78.Kg2 Kd6
79.Kh3 Re5 80.Rg3 Ke6 81.Rf3 Kf7 82.Rf4 Kg6 83.Rf1 Rg5 84.Kh4 Re5 85.Kg3 Kg5
86.Rf3 Ng4 87.Rf8 Re3+ 88.Kg2 Kh4 89.Rf1 Re2+ 90.Kg1 Kh3  0-1

[Event "Sas van Gent"]
[Site "Gent"]
[Date "1994.??.??"]
[Round "2"]
[White "Lemmers, Oscar"]
[Black "Cardon, Helmut"]
[Result "1/2-1/2"]
[WhiteElo "2370"]
[BlackElo "2380"]

1.e4 c5 2.c3 Nf6 3.e5 Nd5 4.d4 cxd4 5.Nf3 Nc6 6.Bc4 Nb6 7.Bb3 d5 8.exd6 Qxd6
9.O-O Be6 10.Na3 Bxb3 11.Qxb3 e6 12.Nb5 Qd7 13.Nbxd4 Nxd4 14.Nxd4 Be7 15.Rd1 O-O
16.Be3 Qc8 17.Nb5 Bc5 18.Bf4 Nd5 19.Bg3 a6 20.c4 Nf6 21.Nd6 Bxd6 22.Bxd6 Re8
23.Rac1 Qc6 24.Be5 Ne4 25.Qd3 f6 26.Bf4 Nc5 27.Qd6 Qxd6 28.Rxd6 Rac8 29.Be3 e5
30.b4 Ne6 31.a4 Kf7 32.c5 Red8 33.Rb6 Rd7 34.Kf1 Rc6 35.b5 axb5 36.Rxb5 Ra6
37.a5 Nd8 38.f4  1/2-1/2

[Event "Sas van Gent"]
[Site "Gent"]
[Date "1994.??.??"]
[Round "4"]
[White "Kiik, Kalle"]
[Black "Cardon, Helmut"]
[Result "1/2-1/2"]
[WhiteElo "2410"]
[BlackElo "2380"]

1.e4 c5 2.c3 Nf6 3.e5 Nd5 4.d4 cxd4 5.Nf3 Nc6 6.Bc4 Nb6 7.Bb3 d5 8.exd6 Qxd6
9.O-O Be6 10.Na3 Bxb3 11.Qxb3 e6 12.Nb5 Qd7 13.Nbxd4 Nxd4 14.Nxd4 Be7 15.Rd1 O-O
16.Nf5 Qe8 17.Nxe7+ Qxe7 18.Be3 Qc7 19.Bxb6 axb6 20.Rd4 Rfd8 21.Rc4 Qd6 22.h3 e5
23.Rb4 Ra6 24.Re1 Qf6 25.Re3 h6 26.Rf3 Qg6 27.a3 Rd7 28.Re3 Rd2 29.Rbe4 Ra5
30.c4 Qd6 31.Re1 Rc5 32.Qc3 f6 33.b3 Rc7 34.a4 Rd7 35.Qg3 Qc5 36.Rg4 Kf8  1/2-1/2

[Event "BL2-N9394"]
[Site "Germany"]
[Date "1994.??.??"]
[Round "?"]
[White "Darnstaedt, Frank"]
[Black "Glienke, Manfred"]
[Result "0-1"]
[WhiteElo "2345"]
[BlackElo "2270"]

1.e4 c5 2.c3 Nf6 3.e5 Nd5 4.d4 cxd4 5.Nf3 Nc6 6.Bc4 Nb6 7.Bb3 d5 8.exd6 exd6
9.Nxd4 Be7 10.O-O O-O 11.Bf4 d5 12.a4 Nxd4 13.Qxd4 Bf6 14.Qd3 Be6 15.Na3 Rc8
16.Rfd1 Nc4 17.Bc2 g6 18.Nxc4 Rxc4 19.Bh6 Re8 20.Be3 Qc7 21.Bb3 Rh4 22.g3 Rh5
23.Bxa7 Bg4 24.Qb5 Ree5 25.Re1 Bf3 26.Be3 Qc8 27.Qf1 Rxh2  0-1

[Event "BL2-N9394"]
[Site "Germany"]
[Date "1994.??.??"]
[Round "?"]
[White "Darnstaedt, Frank"]
[Black "Schirm, Friedmar"]
[Result "1/2-1/2"]
[WhiteElo "2345"]
[BlackElo "2295"]

1.e4 c5 2.c3 Nf6 3.e5 Nd5 4.d4 cxd4 5.Nf3 Nc6 6.Bc4 Nb6 7.Bb3 d5 8.exd6 Qxd6
9.Na3 a6 10.cxd4 e6 11.O-O Be7 12.Be3 O-O 13.Ne5 Nd5 14.Nac4 Qc7 15.Rc1 Bd7
16.Bd2 Qd8 17.Nxc6 Bxc6 18.Ba5 Qe8 19.Ne5 Rc8 20.Re1 b6 21.Nxc6 Rxc6  1/2-1/2

[Event "BL2-O9394"]
[Site "Germany"]
[Date "1994.??.??"]
[Round "?"]
[White "Linker, Torsten"]
[Black "Komljenovic, Luka"]
[Result "1-0"]
[WhiteElo "2290"]
[BlackElo "2180"]

1.e4 c5 2.c3 Nf6 3.e5 Nd5 4.d4 cxd4 5.Nf3 d6 6.cxd4 e6 7.a3 Bd7 8.Bd3 Bc6
9.O-O Nd7 10.Re1 Be7 11.Qc2 h6 12.Qe2 Rc8 13.Bd2 dxe5 14.dxe5 Nc5 15.Bc2 a6
16.Nc3 Nxc3 17.Bxc3 Bb5 18.Qe3 Bg5 19.Nxg5 Qxg5 20.f4 Qg4 21.h3 Qh4 22.Bb4 Nd7
23.Be4 Bc6 24.Red1 Qd8 25.Kh2 a5 26.Bxc6 Rxc6 27.Bd6 Qb6 28.Qg3 Rg8 29.Rd2 Nf6
30.Qh4 Qe3 31.Rad1 g5 32.Qxh6 Nd5 33.Qh7 Rg6 34.Qh8+ Kd7 35.Qf8 Rxd6  1-0

[Event "BL2-O9394"]
[Site "Germany"]
[Date "1994.??.??"]
[Round "?"]
[White "Pirrot, Dieter"]
[Black "Heidrich, Manfred"]
[Result "1/2-1/2"]
[WhiteElo "2395"]
[BlackElo "2345"]

1.e4 c5 2.c3 Nf6 3.e5 Nd5 4.d4 cxd4 5.Nf3 Nc6 6.cxd4 d6 7.Bc4 Nb6 8.Bb5 dxe5
9.Nxe5 Bd7 10.Bxc6 Bxc6 11.Nxc6 bxc6 12.O-O g6 13.Re1 Bg7 14.Bg5 O-O 15.Nc3 Qxd4
16.Qf3 Nd5 17.Rad1 Qb6 18.Nxd5 cxd5 19.Bxe7 Rfe8 20.Qxd5 Qxb2 21.g3 Rac8
22.Re4 Qc2 23.Rde1 Qc6 24.Qd3 h6 25.h4 h5 26.a4 Rc7 27.Bg5 Rxe4 28.Qxe4 Qxe4
29.Rxe4 Bf8 30.Be3 Be7 31.Re5 a6 32.Kg2 Kg7 33.a5 Rd7 34.Kf3 Bd6 35.Re8 Bc7
36.Ke4 f5+ 37.Kf3 Bxa5 38.Re6  1/2-1/2

[Event "BL2-S9394"]
[Site "Germany"]
[Date "1994.??.??"]
[Round "?"]
[White "Dittmar, Peter"]
[Black "Parulava, Temur"]
[Result "1/2-1/2"]
[WhiteElo "2280"]
[BlackElo "2300"]

1.e4 c5 2.c3 Nf6 3.e5 Nd5 4.g3 d6 5.exd6 Qxd6 6.Bg2 Nc6 7.Ne2 Bg4 8.h3 Bh5
9.O-O e6 10.Re1 Be7 11.Qb3 O-O 12.Na3 a6 13.Nc4 Qc7 14.Ne3 Nxe3 15.dxe3 Ne5
16.g4 Bg6 17.Nf4 Rab8 18.e4 Rfd8 19.Be3 b5 20.Rad1 Nc4 21.Bc1 Bd6 22.Nxg6 hxg6
23.Qc2 Bh2+ 24.Kh1 Bf4 25.b3 Nb6 26.Bxf4 Qxf4 27.Rxd8+ Rxd8 28.Rd1 Qc7 29.Kg1  1/2-1/2

[Event "BL9394 (Women)"]
[Site "Germany"]
[Date "1994.??.??"]
[Round "?"]
[White "Jahn, Constanze"]
[Black "Baginskaite, Kamile"]
[Result "1/2-1/2"]
[WhiteElo "2235"]
[BlackElo "2330"]

1.e4 c5 2.c3 Nf6 3.e5 Nd5 4.d4 cxd4 5.Nf3 Nc6 6.Bc4 Nb6 7.Bb3 d5 8.exd6 Qxd6
9.Na3 a6 10.O-O e6 11.cxd4 Be7 12.Be3 Nd5 13.Nc4 Qd8 14.Nce5 Nxe5 15.Nxe5 O-O
16.Bc2 Bd7 17.Qd3 g6 18.Bh6 Bb5 19.Qf3 Bxf1 20.Bxf8 Qxf8 21.Rxf1 Rd8 22.Bb3 Qg7
23.Rc1 Qf6 24.Qxf6 Bxf6 25.g3 Kg7  1/2-1/2

[Event "Oberliga Nord N9394"]
[Site "Germany"]
[Date "1994.??.??"]
[Round "?"]
[White "Kleeschaetzky, Rainer"]
[Black "Mach, Holger"]
[Result "1/2-1/2"]
[WhiteElo "2295"]
[BlackElo "2270"]

1.e4 c5 2.c3 Nf6 3.e5 Nd5 4.d4 cxd4 5.Nf3 Nc6 6.cxd4 d6 7.Bc4 Nb6 8.Bb5 dxe5
9.Nxe5 Bd7 10.Bxc6 Bxc6 11.Nxc6 bxc6 12.O-O g6 13.Re1 Bg7 14.Bg5 Nc8 15.Qf3 O-O
16.Nc3 Rb8 17.Qxc6 Rxb2 18.Rad1 Rc2 19.Be3 Nd6 20.Re2 Rxe2 21.Nxe2 Qa5 22.Qc2 Rc8
23.Qd2 Qa4 24.Rc1 Rxc1+ 25.Nxc1 Ne4 26.Qd3 Nc3 27.Qd2 Qc4 28.h3 h5 29.Nb3 Nd5
30.Qc1 Qd3 31.Qd2 Qb1+ 32.Nc1 Kh7 33.Qd3 Qa1 34.Qd2 e6 35.Kh2 Bf8 36.g3 Ba3
37.Nd3 Qf1 38.Ne5 Bb4 39.Qc1 Qxc1 40.Bxc1 Kg7 41.Bb2 Bc3 42.Bxc3 Nxc3 43.Nc6 a6
44.Nb8 a5 45.a4 Kf6 46.Kg2 Ke7 47.Nc6+ Kd6 48.Nxa5 Kd5 49.Kf3 Nxa4 50.Ke3 Nc3
51.Nb3 Nd1+ 52.Ke2 Nc3+ 53.Ke3 Nb5 54.Kd3 g5 55.f3 Nd6 56.Nc1 f6 57.Ne2 Nb5
58.h4 e5 59.dxe5 Kxe5 60.hxg5  1/2-1/2

[Event "BL2-S9394"]
[Site "Germany"]
[Date "1994.??.??"]
[Round "?"]
[White "Rausis, Igors"]
[Black "Gschnitzer, Oswald"]
[Result "1/2-1/2"]
[WhiteElo "2495"]
[BlackElo "2465"]

1.e4 c5 2.c3 Nf6 3.e5 Nd5 4.d4 cxd4 5.cxd4 d6 6.Nf3 Nc6 7.Bc4 Nb6 8.Bb3 dxe5
9.d5 Na5 10.Nc3 Nxb3 11.Qxb3 e6 12.Nxe5 Bd6 13.Qb5+ Kf8 14.Bf4 exd5 15.O-O Be6
16.Rad1 f6 17.Nd3 Kf7 18.Bxd6 Qxd6 19.Nc5 Qc6 20.Nxe6 Kxe6 21.Qb4 Kf7 22.Nb5 Nc4
23.Rfe1 Rhe8 24.Rxe8 Rxe8 25.Nxa7 Qb6 26.Qxb6 Nxb6 27.Nb5 Re2 28.Rb1 Na4
29.b3 Nc5 30.b4 Nd3 31.Nd6+ Ke7 32.Nxb7 Rxa2 33.h3 Nxf2 34.b5 Ne4 35.b6 Ra8
36.Na5 Kd7 37.b7 Rb8 38.Rb5 Nd6 39.Rxd5 Kc7 40.Rh5 h6 41.Rc5+ Kb6 42.Rc6+ Kxa5
43.Rxd6 Rxb7 44.Kf2 Kb5 45.Kf3 Kc5 46.Rd8 Kc6 47.Kf4 Rd7 48.Rc8+ Kd6 49.Kf5 Ke7
50.Kg6 Rd2 51.g4 Rd3 52.Rc7+ Ke6 53.Kxg7 Rxh3 54.Rc6+ Ke5 55.Rxf6 Rg3 56.Rg6 Kf4
57.Kxh6 Rxg4 58.Rxg4+ Kxg4  1/2-1/2

[Event "BL2-W9394"]
[Site "Germany"]
[Date "1994.??.??"]
[Round "?"]
[White "Buscher, Michael"]
[Black "Malich, Burkhard"]
[Result "1-0"]
[WhiteElo "2325"]
[BlackElo "2415"]

1.e4 c5 2.c3 Nf6 3.e5 Nd5 4.d4 cxd4 5.cxd4 d6 6.Nf3 e6 7.Bd3 Be7 8.Nc3 Nc6
9.exd6 Qxd6 10.O-O Nf6 11.Nb5 Qd8 12.Bf4 Nd5 13.Bg3 O-O 14.Rc1 Bd7 15.Nd6 Bc8
16.Nb5 Bd7 17.Nd6 Bc8 18.Nc4 Bd7 19.Bb1 g6 20.Qb3 b5 21.Ne3 Nxe3 22.fxe3 Rc8
23.Nd2 Na5 24.Qd3 Bc6 25.b3 Qd7 26.Qe2 Nb7 27.Nf3 Bxf3 28.Qxf3 Nd6 29.Bd3 Rxc1
30.Rxc1 Rc8 31.Rxc8+ Qxc8 32.Bf2 f5 33.h3 Bf8 34.g4 Qc3 35.Qe2 Qc1+ 36.Qf1 Qc6
37.gxf5 gxf5 38.Qg2+ Qxg2+ 39.Kxg2 Kf7 40.Kf3 Ke7 41.Bg3 b4 42.e4 fxe4+ 43.Bxe4 h6
44.Be5 Kd7 45.d5 Nf7 46.Bd4 Ng5+ 47.Ke3 Nxh3 48.dxe6+ Kxe6 49.Bxa7 Ng5 50.Bb7 Nf7
51.Kd4 Bg7+ 52.Kd3 Ne5+ 53.Ke4 Nd7 54.Ba6 Kd6 55.Be2 Bf8 56.Be3 Nf6+ 57.Kd4 Nd5
58.Bd2 Nc3 59.Bf4+ Ke6 60.Bg4+ Kf6 61.a4 Kg6 62.Kc4 Ne4 63.a5 Nd6+ 64.Kd5 Nb5
65.Bd7 Nc3+ 66.Kc6  1-0

[Event "Wuerttemberg-Rheinland Pfalz"]
[Site "Germany"]
[Date "1994.??.??"]
[Round "?"]
[White "Dutschak, Hauke"]
[Black "Schneider, Volker"]
[Result "1-0"]
[WhiteElo "2240"]
[BlackElo "2190"]

1.e4 c5 2.c3 Nf6 3.e5 Nd5 4.d4 cxd4 5.cxd4 d6 6.Nf3 Nc6 7.Be2 g6 8.Qb3 dxe5
9.Nxe5 Bg7 10.Nxc6 bxc6 11.O-O O-O 12.Rd1 Be6 13.Qa4 Qc7 14.Bf3 Rab8 15.Nc3 Rfd8
16.g3 Qd7 17.Qc2 Nxc3 18.bxc3 Bd5 19.Be2 Qh3 20.Bf1 Qg4 21.Be2 Qh3 22.Bf1 Qg4
23.Bg2 e5 24.h3 Qe6 25.Be3 Bxg2 26.Kxg2 exd4 27.cxd4 Rb7 28.Rac1 Rd6 29.Kh2 Rbd7
30.Qa4 h5 31.h4 Kh7 32.Re1 Qf5 33.Rc4 Qf3 34.Qd1 Qd5 35.Qc2 Qf3 36.Rc3 Qg4
37.Rxc6 Rxc6 38.Qxc6 Bxd4 39.Rd1 Kg7 40.f3  1-0

[Event "Oberliga Nord N9394"]
[Site "Germany"]
[Date "1994.??.??"]
[Round "?"]
[White "Blauert, Joerg"]
[Black "Mach, Holger"]
[Result "1-0"]
[WhiteElo "2390"]
[BlackElo "2270"]

1.e4 c5 2.c3 Nf6 3.e5 Nd5 4.d4 cxd4 5.Nf3 Nc6 6.Bc4 Nb6 7.Bb3 d5 8.exd6 Qxd6
9.O-O Be6 10.Na3 dxc3 11.Qe2 Bxb3 12.Nb5 Qb8 13.axb3 e5 14.Nfd4 Bc5 15.Nf5 O-O
16.Bh6 g6 17.Rac1 Re8 18.Rxc3 Nd4 19.Qg4 Nxf5 20.Qxf5 Nd5 21.Rf3 Nf4 22.Qf6 Bf8
23.Bxf8 Rxf8 24.Rd1 a5 25.Nd6 Ne2+ 26.Kf1 Nd4 27.Nxf7 Rxf7 28.Qxf7+ Kh8 29.Rxd4 exd4
30.Qf6+ Kg8 31.Qe6+ Kh8 32.Rf7  1-0

[Event "Landesliga S9495 Bayern"]
[Site "Germany"]
[Date "1994.??.??"]
[Round "5"]
[White "Tobor, Detlef"]
[Black "Straub, Juergen"]
[Result "1/2-1/2"]
[WhiteElo "2010"]
[BlackElo "2145"]

1.e4 c5 2.c3 Nf6 3.e5 Nd5 4.d4 cxd4 5.Nf3 Nc6 6.Bc4 Nb6 7.Bb3 e6 8.cxd4 d6
9.exd6 Bxd6 10.O-O O-O 11.Nc3 Ne7 12.Bg5 f6 13.Bd2 Bb8 14.Re1 Nbd5 15.Ne4 b6
16.Qe2 Bf4 17.Rac1 Bxd2 18.Qxd2 Bb7 19.Ng3 Qd6 20.Ne4 Qd7 21.Nc3 Rac8 22.Qe2 Kf7
23.g3 Rfe8 24.Ne4 Rxc1 25.Rxc1 Nf5 26.Re1 h6 27.Qd1 Nd6 28.Nxd6+ Qxd6 29.Nh4 Kg8
30.Qg4 Re7 31.Bc2 f5 32.Qe2 Bc6 33.Ng6 Re8 34.Ne5 Bb7 35.Qh5 Re7 36.Qe2 Nf6
37.Ng6 Re8 38.Bb3 Bd5 39.Bxd5 exd5 40.Qd1 Rxe1+ 41.Qxe1 Ne4 42.Ne5 Qc7 43.Qd1 Nd6
44.Qf3 Qc1+ 45.Kg2 Ne4 46.Qxf5 Qxb2 47.Ng6 Nf6 48.Qe6+ Kh7 49.Nf8+ Kh8 50.Ng6+ Kh7
51.Qf7 Qe2 52.Nf8+ Kh8 53.Ng6+  1/2-1/2

[Event "Goch op"]
[Site "Goch"]
[Date "1994.??.??"]
[Round "4"]
[White "Heisel, Guido"]
[Black "Van Nieuwenborg, A."]
[Result "0-1"]
[WhiteElo "2255"]
[BlackElo "1990"]

1.e4 c5 2.c3 Nf6 3.e5 Nd5 4.d4 cxd4 5.cxd4 e6 6.Nc3 Nxc3 7.bxc3 d6 8.Nf3 Be7
9.Bd3 dxe5 10.Nxe5 Nd7 11.f4 Qc7 12.Bd2 Nf6 13.O-O Bd7 14.Rf3 g6 15.Rb1 Bc6
16.Rg3 Be4 17.Bb5+ Kf8 18.Rb3 a6 19.Be2 Bf5 20.Re3 h5 21.Bf3 Rb8 22.h3 h4
23.Re1 Nd7 24.a4 Nxe5 25.fxe5 b5 26.axb5 Rxb5 27.Rxb5 axb5 28.Qc1 Kg7 29.Be2 Rb8
30.Qb2 b4 31.c4 b3 32.Bc3 Bc2 33.d5 Bb4 34.Bxb4 Qb6+ 35.Kh2 Qxb4 36.Rf1 Bf5
37.d6 Ra8 38.Rf3 Ra2 39.Qd4 Qe1 40.Qe3 Qxe2 41.Qxe2 Rxe2 42.Rxb3 Be4  0-1